Konkurenčné stratégie malých a stredných podnikov

Konkurenčné stratégie sú nevyhnutnou súčasťou strategického plánovania pre MSP, či už na globálnych, národných alebo miestnych trhoch.

Salvato in:
Dettagli Bibliografici
Autore principale: Luliaková, Ivana
Natura: Capitolo di libro
Lingua:slovacco
Soggetti:
Tags: Aggiungi Tag
Nessun Tag, puoi essere il primo ad aggiungerne!!

MARC

LEADER 00000naa$a2200000$$$4500
001 0119210
005 20240502072328.8
041 0 |a slo 
044 |a SK 
245 1 0 |a Konkurenčné stratégie malých a stredných podnikov  |c Ivana Luliaková 
520 |a Konkurenčné stratégie sú nevyhnutnou súčasťou strategického plánovania pre MSP, či už na globálnych, národných alebo miestnych trhoch. 
610 2 0 |a podnik malý 
610 2 0 |a podnik stredný 
610 2 0 |a stratégia podniková 
610 2 0 |a konkurencia 
100 1 |a Luliaková, Ivana